| 000 | 01098nam a22002657a 4500 | ||
|---|---|---|---|
| 999 |
_c7658 _d7658 |
||
| 003 | AR-CdUCM | ||
| 008 | 190321b ||||| |||| 00| 0 spa d | ||
| 020 | _a968-7244-17-8 | ||
| 040 |
_aMUNICIPALIDAD PROVINCIAL DEL CUSCO _cBIBLIOTECA MUNICIPAL DEL CUSCO |
||
| 041 | _heng | ||
| 082 |
_a616.1 / _bK64 |
||
| 100 |
_aKlusek Hamilton, Helen _921619 |
||
| 245 | _aEnfermedades Cardiovasculares / | ||
| 260 |
_aMéxico D. F. : _bCientífica PLM, _c1985. |
||
| 300 |
_a192 páginas ; _bilustraciones, figuras, _c27 cm. |
||
| 440 |
_aSerie Biblioteca Clínica para enfermedades. _921620 |
||
| 505 | _aContenido: Comprensión de los hechos fundamentales -- Trastornos de la circulación e insuficiencia de bombeo -- Trastornos de la musculatura cardíaca -- Trastornos de la electroconducción. | ||
| 650 |
_aEnfermedades del corazón _921621 |
||
| 650 |
_aTrastornos _921622 |
||
| 650 |
_aRecomendaciones, prevenciones _921623 |
||
| 700 |
_aGonzáles Hernández, José Luis (traducción) _921624 |
||
| 700 |
_aRenart Pita, Miguel Ángel (Revisión) _921625 |
||
| 942 |
_2ddc _cLIBROS |
||
| 945 | _aachl | ||